Hydroinformatics : Singapore, 21-24 June 2004

সংরক্ষণ করুন:
গ্রন্থ-পঞ্জীর বিবরন
বিন্যাস: গ্রন্থ
ভাষা:Undetermined
প্রকাশিত: River Edge, N.J. World Scientific 2004
বিষয়গুলি:
ট্যাগগুলো: ট্যাগ যুক্ত করুন
কোনো ট্যাগ নেই, প্রথমজন হিসাবে ট্যাগ করুন!
Thư viện lưu trữ: Trung tâm Học liệu Trường Đại học Cần Thơ
LEADER 00587nam a2200193Ia 4500
001 CTU_156972
008 210402s9999 xx 000 0 und d
020 |c 476 
082 |a 551.490285 
082 |b P963/Vol.2 
245 0 |a Hydroinformatics : 
245 0 |b Singapore, 21-24 June 2004 
245 0 |c Edited by Shie-Yui Liong, Kok-Kwang Phoon, Vladan Babovic 
260 |a River Edge, N.J. 
260 |b World Scientific 
260 |c 2004 
650 |a Hydrology,Geographic information systems 
650 |x Data processing 
980 |a Trung tâm Học liệu Trường Đại học Cần Thơ